[Event "Vandoeuvre op 5th"]
[Site "Vandoeuvre"]
[Date "2008.12.30"]
[Round "9"]
[White "Kantorik, Marian"]
[Black "Hoffer, Tristan"]
[Result "1-0"]
[WhiteElo "2288"]
[BlackElo "2047"]
[PlyCount "49"]
[EventDate "2008.12.26"]
[EventType "swiss"]
[EventRounds "9"]
[EventCountry "FRA"]
[SourceTitle "CBM 127 Extra"]
[Source "ChessBase"]
[SourceDate "2009.01.08"]
[SourceVersion "2"]
[SourceVersionDate "2009.01.28"]
[SourceQuality "1"]

1. d4 d5 2. c4 e5 3. dxe5 d4 4. Nf3 Nc6 5. a3 Be6 6. e3 dxe3 7. Qxd8+ Rxd8 8. Bxe3 Nge7 9. Nc3 Ng6 10. Nb5 Rd7 11. Nbd4 Ngxe5 12. Nxe5 Nxd4 13. Nxd7 Nc2+ 14. Kd2 Nxa1 15. Nxf8 Kxf8 16. Kc3 Bf5 17. Be2 Nc2 18. Bxa7 b6 19. Bd3 Bxd3 20. Kxd3 Ke7 21. Kxc2 Ra8 22. Bxb6 cxb6 23. Rd1 Rc8 24. Kc3 b5 25. Rd4 1-0

[Event "FRA-chT2 East 0708"]
[Site "France"]
[Date "2008.04.06"]
[Round "11.6"]
[White "Hoffer, Tristan"]
[Black "Lamoureux, Izabelle"]
[Result "0-1"]
[WhiteElo "2077"]
[BlackElo "2093"]
[PlyCount "80"]
[EventDate "2007.10.21"]
[EventType "team"]
[EventRounds "11"]
[EventCountry "FRA"]
[SourceTitle "EXT 2009"]
[Source "ChessBase"]
[SourceDate "2008.11.26"]
[SourceVersion "1"]
[SourceVersionDate "2008.11.26"]
[SourceQuality "1"]
[WhiteTeam "Vandoeuvre II"]
[BlackTeam "Montrevel en Bresse"]
[WhiteTeamCountry "FRA"]
[BlackTeamCountry "FRA"]

1. e4 c5 2. Nc3 Nc6 3. Bb5 e6 4. Bxc6 dxc6 5. d3 e5 6. f4 exf4 7. Bxf4 Bd6 8. e5 Bc7 9. Ne4 Ne7 10. Nf3 b6 11. 0-0 0-0 12. Nfg5 Bf5 13. Kh1 Bxe4 14. Nxe4 Ng6 15. Qh5 Qh4 16. Qf5 h6 17. Rf3 Qe7 18. Rg3 Bxe5 19. Rxg6 fxg6 20. Qxe5 Qf7 21. Be3 Rae8 22. Qc3 Qd5 23. b3 Re5 24. Kg1 Ref5 25. a4 a5 26. Qc4 Kh7 27. Qa6 Qe5 28. Rb1 Qb2 29. Re1 Qxc2 30. h3 Qxb3 31. Nd2 Qxa4 32. Qxb6 Qb5 33. Nc4 Qxb6 34. Nxb6 Rd8 35. Rd1 Rb8 36. Nc4 a4 37. g4 Rd5 38. Kf2 Rb3 39. Ke2 a3 40. Rd2 Rdxd3 0-1

[Event "FRA-chT2 East 0708"]
[Site "France"]
[Date "2008.03.16"]
[Round "9.5"]
[White "Brunstein, Sandrine"]
[Black "Hoffer, Tristan"]
[Result "1/2-1/2"]
[WhiteElo "2076"]
[BlackElo "2072"]
[PlyCount "212"]
[EventDate "2007.10.21"]
[EventType "team"]
[EventRounds "11"]
[EventCountry "FRA"]
[SourceTitle "EXT 2009"]
[Source "ChessBase"]
[SourceDate "2008.11.26"]
[SourceVersion "1"]
[SourceVersionDate "2008.11.26"]
[SourceQuality "1"]
[WhiteTeam "Obernai"]
[BlackTeam "Vandoeuvre II"]
[WhiteTeamCountry "FRA"]
[BlackTeamCountry "FRA"]

1. e4 c5 2. Nf3 d6 3. c3 Nf6 4. Be2 e6 5. Qc2 Nc6 6. 0-0 Be7 7. Re1 0-0 8. Bf1 Rb8 9. d4 d5 10. e5 Nd7 11. a3 Re8 12. b4 b6 13. Bd3 Nf8 14. Be3 cxd4 15. cxd4 Bb7 16. Nc3 Qd7 17. Qe2 Rec8 18. Rec1 Ra8 19. Rc2 a6 20. h4 b5 21. h5 Rc7 22. Rac1 Rac8 23. Nd1 Qd8 24. Bf4 Nd7 25. Ne3 Nb6 26. Ng4 Nc4 27. Ra1 Qf8 28. h6 g6 29. Qd1 Nb8 30. Bg5 Bxg5 31. Nxg5 Nd7 32. Qc1 Qe7 33. Qf4 Ncb6 34. Rac1 Rxc2 35. Rxc2 Nc4 36. Rc3 Rf8 37. Nf3 Rc8 38. Be2 Kh8 39. Ng5 Kg8 40. Rf3 Rf8 41. Bd1 Ba8 42. Bc2 Bb7 43. a4 Bc6 44. a5 Bb7 45. Bb3 Ba8 46. Bc2 Bb7 47. Nh3 Kh8 48. Rb3 Ba8 49. Ng5 Kg8 50. Nf3 Kh8 51. Ne1 Rc8 52. Rf3 Kg8 53. Bb3 Nb2 54. Nd3 Nxd3 55. Rxd3 Bb7 56. Rf3 Ba8 57. Qd2 Bb7 58. g3 Qd8 59. Rc3 Rxc3 60. Qxc3 Qc8 61. Qxc8+ Bxc8 62. Bd1 Kf8 63. Kf1 Ke7 64. Ke2 Bb7 65. Ke3 Bc8 66. Kf4 Bb7 67. Kg5 Bc8 68. Bc2 Bb7 69. f4 Bc8 70. Ne3 Nb8 71. Bd3 Nc6 72. Nc2 Bd7 73. g4 Be8 74. f5 Nb8 75. f6+ Kf8 76. Kf4 Bc6 77. Ke3 Kg8 78. Kd2 Kf8 79. Kc3 Kg8 80. Na1 Kf8 81. Nb3 Nd7 82. Be2 Kg8 83. Bf3 Kf8 84. Nd2 Kg8 85. Be2 Kf8 86. Nf3 Kg8 87. Ng5 Nf8 88. Bd3 Bd7 89. Bc2 Be8 90. Nh3 Bd7 91. Nf4 Bc6 92. Bd1 Bb7 93. Be2 Bc6 94. Bf1 Bb7 95. Kd2 Bc6 96. Ne2 Nd7 97. Nc1 Nb8 98. Kc3 Nd7 99. Nd3 Bb7 100. Nc5 Nxc5 101. bxc5 Bc6 102. Kb4 Kf8 103. Bg2 Ke8 104. Bf1 Kf8 105. Bd3 Ke8 106. g5 Kf8 1/2-1/2

[Event "Le Touquet op 22nd"]
[Site "Le Touquet"]
[Date "2007.10.29"]
[Round "4"]
[White "Marchal, Chantal"]
[Black "Hoffer, Tristan"]
[Result "0-1"]
[WhiteElo "1893"]
[BlackElo "2038"]
[PlyCount "55"]
[EventDate "2007.10.27"]
[EventType "swiss"]
[EventRounds "9"]
[EventCountry "FRA"]
[SourceTitle "EXT 2008"]
[Source "ChessBase"]
[SourceDate "2007.11.25"]
[SourceVersion "1"]
[SourceVersionDate "2007.11.25"]
[SourceQuality "1"]

1. e4 c5 2. Nf3 d6 3. d4 cxd4 4. Nxd4 Nf6 5. Nc3 g6 6. Be2 Bg7 7. Be3 0-0 8. 0-0 Nc6 9. Qd2 Ng4 10. Bxg4 Bxg4 11. f3 Bd7 12. Nce2 a6 13. c3 Rc8 14. Kh1 Qc7 15. Bh6 Ne5 16. b3 b5 17. Bxg7 Kxg7 18. h3 Nc6 19. Rac1 Qb7 20. Nxc6 Qxc6 21. Rfd1 Rc7 22. Qd4+ Kg8 23. c4 Rfc8 24. Qd5 bxc4 25. bxc4 Qa4 26. Qd2 Rxc4 27. Rxc4 Rxc4 28. Nc3 0-1

[Event "Le Touquet op 22nd"]
[Site "Le Touquet"]
[Date "2007.10.27"]
[Round "1"]
[White "Hoffer, Tristan"]
[Black "Gofshtein, Leonid D"]
[Result "0-1"]
[WhiteElo "2038"]
[BlackElo "2542"]
[PlyCount "74"]
[EventDate "2007.10.27"]
[EventType "swiss"]
[EventRounds "9"]
[EventCountry "FRA"]
[SourceTitle "EXT 2008"]
[Source "ChessBase"]
[SourceDate "2007.11.25"]
[SourceVersion "1"]
[SourceVersionDate "2007.11.25"]
[SourceQuality "1"]

1. d4 Nf6 2. Nf3 e6 3. Nbd2 c5 4. c3 d5 5. e3 Nfd7 6. Bd3 Qc7 7. 0-0 Be7 8. Qe2 b6 9. e4 dxe4 10. Nxe4 Bb7 11. dxc5 Nxc5 12. Nxc5 Qxc5 13. Be3 Qh5 14. Bb5+ Kf8 15. Nd4 Qh4 16. h3 Qe4 17. f3 Qe5 18. Bf2 Qxe2 19. Nxe2 Bc5 20. Rad1 Ke7 21. Rd3 Rc8 22. Rfd1 Bd5 23. Ba6 Rc7 24. b3 Bxf2+ 25. Kxf2 Nd7 26. Nf4 Bc6 27. Re3 Nc5 28. Bc4 Rac8 29. h4 g5 30. Nd5+ Bxd5 31. Rxd5 Na4 32. Ba6 Rb8 33. c4 Nb2 34. Re4 f5 35. Rxf5 Nd3+ 36. Kf1 Nb4 37. Bb5 Rg8 0-1

[Event "FRA-chT U20 0506"]
[Site "France"]
[Date "2005.11.13"]
[Round "3.2"]
[White "Richard, Emma"]
[Black "Hoffer, Tristan"]
[Result "0-1"]
[WhiteElo "1820"]
[BlackElo "1974"]
[PlyCount "86"]
[EventDate "2005.11.12"]
[EventType "team"]
[EventRounds "3"]
[EventCountry "FRA"]
[SourceTitle "CBM 109 Extra"]
[Source "ChessBase"]
[SourceDate "2006.01.03"]
[SourceVersion "2"]
[SourceVersionDate "2006.01.03"]
[SourceQuality "1"]

1. Nf3 Nf6 2. d3 g6 3. e4 Bg7 4. Nbd2 d6 5. Be2 0-0 6. 0-0 Nbd7 7. c3 b6 8. Qc2 Ba6 9. Re1 Ne8 10. d4 Bxe2 11. Rxe2 e5 12. dxe5 dxe5 13. Nf1 Nd6 14. Bg5 f6 15. Bh4 Qe8 16. Rd1 Nc5 17. Ne3 Rf7 18. Nd5 Qe6 19. b4 Ncb7 20. c4 c6 21. Ne3 Bf8 22. a4 Rc8 23. Qa2 Nxe4 24. Qb1 Ned6 25. Rc2 Nf5 26. Nxf5 Qxf5 27. Re2 Rcc7 28. Qb3 Kg7 29. Qc3 h6 30. Bg3 Rcd7 31. Red2 Rxd2 32. Qxd2 Qe6 33. Qc3 Kh7 34. b5 Na5 35. bxc6 Qxc6 36. Rc1 Qxa4 37. Nh4 Qc6 38. Qc2 Rg7 39. Qd3 Qe6 40. Qd8 Bc5 41. Qd3 e4 42. Qe2 Re7 43. Re1 Qxc4 0-1

[Event "FRA-chT U20a 0405"]
[Site "France"]
[Date "2005.05.15"]
[Round "10.3"]
[White "Gabriel, Florent"]
[Black "Hoffer, Tristan"]
[Result "1/2-1/2"]
[WhiteElo "1690"]
[BlackElo "1974"]
[PlyCount "41"]
[EventDate "2004.11.19"]
[EventType "team"]
[EventRounds "11"]
[EventCountry "FRA"]
[SourceTitle "EXT 2006"]
[Source "ChessBase"]
[SourceDate "2005.11.24"]
[SourceVersion "1"]
[SourceVersionDate "2005.11.24"]
[SourceQuality "1"]

1. d4 Nf6 2. Nf3 g6 3. Bg5 Bg7 4. Nbd2 0-0 5. e3 d5 6. Bd3 c6 7. c4 Re8 8. h3 Nbd7 9. cxd5 cxd5 10. 0-0 Nb6 11. Bf4 Be6 12. Rc1 Rc8 13. Ng5 Bd7 14. Qe2 Bc6 15. Rc2 Nbd7 16. Rfc1 Qb6 17. Ngf3 a6 18. Ne5 Nxe5 19. Bxe5 Bd7 20. Nf3 Rc6 21. Rxc6 1/2-1/2

[Event "FRA-chT U20a 0405"]
[Site "France"]
[Date "2005.05.15"]
[Round "9.3"]
[White "Hoffer, Tristan"]
[Black "Blancho, Gwenael"]
[Result "0-1"]
[WhiteElo "1974"]
[BlackElo "1870"]
[PlyCount "90"]
[EventDate "2004.11.19"]
[EventType "team"]
[EventRounds "11"]
[EventCountry "FRA"]
[SourceTitle "EXT 2006"]
[Source "ChessBase"]
[SourceDate "2005.11.24"]
[SourceVersion "1"]
[SourceVersionDate "2005.11.24"]
[SourceQuality "1"]

1. e4 c5 2. Nc3 Nc6 3. Bb5 Nd4 4. Bc4 g6 5. Nf3 Bg7 6. Nxd4 cxd4 7. Qf3 e6 8. Nb5 Be5 9. 0-0 a6 10. Na3 Ne7 11. Bb3 b5 12. c3 Nc6 13. Nc2 Bb7 14. Ne1 Qb6 15. Rb1 0-0 16. Qg4 a5 17. Kh1 Bg7 18. Bc2 b4 19. Nf3 Qa6 20. Rd1 d3 21. Ba4 Rad8 22. b3 bxc3 23. dxc3 Bxc3 24. Bb2 Bg7 25. Qh4 f6 26. Nd4 Nxd4 27. Bxd4 d5 28. exd5 Rxd5 29. Be3 Rc8 30. Rd2 Rc2 31. Rbd1 Bc6 32. Qe4 Kf7 33. Bxc6 f5 34. Qa4 Rxc6 35. Rb1 Qc8 36. h3 Be5 37. g3 Rc2 38. Rbd1 Rxd2 39. Rxd2 Bc3 40. Rd1 Bb4 41. Rc1 Qb7 42. Kh2 d2 43. Rd1 Qc7 44. a3 Qc2 45. Rf1 Be7 0-1

[Event "FRA-chT U20a 0405"]
[Site "France"]
[Date "2005.05.14"]
[Round "8.3"]
[White "Sochacki, Christophe"]
[Black "Hoffer, Tristan"]
[Result "1-0"]
[WhiteElo "1960"]
[BlackElo "1974"]
[PlyCount "57"]
[EventDate "2004.11.19"]
[EventType "team"]
[EventRounds "11"]
[EventCountry "FRA"]
[SourceTitle "EXT 2006"]
[Source "ChessBase"]
[SourceDate "2005.11.24"]
[SourceVersion "1"]
[SourceVersionDate "2005.11.24"]
[SourceQuality "1"]

1. e4 c5 2. Nf3 d6 3. d4 cxd4 4. Qxd4 a6 5. c4 Nc6 6. Qd2 Nf6 7. Nc3 g6 8. b3 Bg7 9. Bb2 0-0 10. Be2 Qa5 11. 0-0-0 Ng4 12. h3 Bh6 13. hxg4 Bxd2+ 14. Rxd2 Bxg4 15. Nd5 Bxf3 16. gxf3 Rfd8 17. f4 e5 18. f5 Nb4 19. f4 Nxd5 20. exd5 Re8 21. Bd3 Qc5 22. Rdh2 Qe3+ 23. Kc2 gxf5 24. fxe5 dxe5 25. Bxf5 Qc5 26. Bc1 b5 27. Bh6 f6 28. Rg1+ Kh8 29. Bxh7 1-0

[Event "FRA-chT U20 0405"]
[Site "Lyon"]
[Date "2004.12.18"]
[Round "4.4"]
[White "Fernandez, Laura"]
[Black "Hoffer, Tristan"]
[Result "1-0"]
[WhiteElo "1980"]
[BlackElo "1970"]
[PlyCount "59"]
[EventDate "2004.11.??"]
[EventType "team"]
[EventRounds "7"]
[EventCountry "FRA"]
[SourceTitle "EXT 2006"]
[Source "ChessBase"]
[SourceDate "2005.11.24"]
[SourceVersion "1"]
[SourceVersionDate "2005.11.24"]
[SourceQuality "1"]
[WhiteTeam "Marseille Duchamps"]
[BlackTeam "Vandoeuvre"]
[WhiteTeamCountry "FRA"]
[BlackTeamCountry "FRA"]

1. e4 c5 2. Nc3 Nc6 3. f4 g6 4. Bc4 Bg7 5. Nf3 e6 6. d3 Nge7 7. 0-0 0-0 8. Qe1 d5 9. Bb3 Na5 10. f5 a6 11. a4 Nxb3 12. cxb3 dxe4 13. f6 Bxf6 14. dxe4 Nc6 15. Bh6 Bg7 16. Rd1 Nd4 17. Bxg7 Kxg7 18. e5 Nxf3+ 19. Rxf3 Qc7 20. Rd6 Bd7 21. Rh3 Bc6 22. Qh4 Rh8 23. Qf6+ Kg8 24. Rhd3 Re8 25. Rd8 h6 26. Ne4 Kh7 27. R3d7 Rhf8 28. Rxc7 Rxd8 29. Rxf7+ Rxf7 30. Qxf7+ 1-0

[Event "FRA-chT U20 0304"]
[Site "France"]
[Date "2004.01.03"]
[Round "5"]
[White "Lafuma, Antoine"]
[Black "Hoffer, Tristan"]
[Result "1/2-1/2"]
[WhiteElo "1700"]
[BlackElo "1710"]
[PlyCount "57"]
[EventDate "2003.11.??"]
[EventType "team"]
[EventRounds "11"]
[EventCountry "FRA"]
[SourceTitle "EXT 2005"]
[Source "ChessBase"]
[SourceDate "2004.11.15"]
[SourceVersion "1"]
[SourceVersionDate "2004.11.15"]
[SourceQuality "1"]
[WhiteTeam "Toulouse"]
[BlackTeam "Vandoeuvre"]
[WhiteTeamCountry "FRA"]
[BlackTeamCountry "FRA"]

1. e4 e5 2. Nf3 Nc6 3. d4 exd4 4. Nxd4 Bc5 5. Be3 Qf6 6. c3 Nge7 7. Bc4 0-0 8. 0-0 Bb6 9. h3 d6 10. Na3 a6 11. Nxc6 bxc6 12. Nc2 Bb7 13. Qd2 h6 14. Rad1 Rad8 15. Rfe1 Qg6 16. b4 d5 17. Bxb6 cxb6 18. exd5 Nxd5 19. Ne3 Qf6 20. Nxd5 cxd5 21. Bb3 Rd7 22. Qd4 Qxd4 23. Rxd4 Bc6 24. Red1 Rfd8 25. c4 dxc4 26. Rxd7 Rxd7 27. Rxd7 Bxd7 28. Bxc4 b5 29. Bd5 1/2-1/2

[Event "Vandoeuvre op"]
[Site "Vandoeuvre"]
[Date "2004.??.??"]
[Round "2"]
[White "Hoffer, Tristan"]
[Black "Grosdemange, David"]
[Result "1/2-1/2"]
[WhiteElo "1970"]
[BlackElo "1210"]
[PlyCount "50"]
[EventDate "2004.12.26"]
[EventType "swiss"]
[EventRounds "9"]
[EventCountry "FRA"]
[SourceTitle "CBM 104 Extra"]
[Source "ChessBase"]
[SourceDate "2005.03.01"]
[SourceVersion "1"]
[SourceVersionDate "2005.03.01"]
[SourceQuality "1"]

1. e4 e6 2. Nf3 c5 3. b4 cxb4 4. d4 d5 5. e5 Nc6 6. a3 bxa3 7. Nxa3 a6 8. c3 f6 9. Bf4 g5 10. Bd2 g4 11. Ng1 f5 12. h3 Bxa3 13. Rxa3 Qe7 14. Ra1 Qg7 15. hxg4 fxg4 16. Be3 Nge7 17. Be2 g3 18. f4 Nf5 19. Bc1 0-0 20. Nf3 Bd7 21. Rb1 b5 22. Qd2 Na5 23. Qa2 Nc4 24. Bd3 h6 25. Nh4 Nfe3 1/2-1/2

[Event "Vandoeuvre op"]
[Site "Vandoeuvre"]
[Date "2004.??.??"]
[Round "8"]
[White "Hoffer, Tristan"]
[Black "Soyez, Cyril"]
[Result "1/2-1/2"]
[WhiteElo "1970"]
[BlackElo "2178"]
[PlyCount "158"]
[EventDate "2004.12.26"]
[EventType "swiss"]
[EventRounds "9"]
[EventCountry "FRA"]
[SourceTitle "CBM 104 Extra"]
[Source "ChessBase"]
[SourceDate "2005.03.01"]
[SourceVersion "1"]
[SourceVersionDate "2005.03.01"]
[SourceQuality "1"]

1. e4 c5 2. Nc3 Nc6 3. Bb5 Nd4 4. Bc4 g6 5. d3 Bg7 6. Nge2 e6 7. Bf4 Ne7 8. Nxd4 cxd4 9. Nb5 d5 10. Nc7+ Kf8 11. exd5 e5 12. Bxe5 Bxe5 13. Nxa8 Bf5 14. Qf3 Qa5+ 15. Ke2 Kg7 16. g4 Rxa8 17. gxf5 Nxf5 18. Rae1 Qb4 19. Bb3 a5 20. a3 Qc5 21. Kd1 Bf6 22. a4 Nd6 23. h4 h5 24. Ke2 b5 25. Kf1 bxa4 26. Bxa4 Qb4 27. Bc6 Rb8 28. Rb1 a4 29. Kg2 Nf5 30. Qf4 a3 31. bxa3 Qxb1 32. Rxb1 Rxb1 33. Qe4 Nxh4+ 34. Kh2 Re1 35. Kg3 Rxe4 36. dxe4 g5 37. f4 gxf4+ 38. Kxf4 Ng2+ 39. Kg3 Ne3 40. Ba4 Nc4 41. Kf4 Nxa3 42. e5 Bd8 43. Ke4 Bb6 44. Kf5 h4 45. e6 fxe6+ 46. dxe6 Bd8 47. Ke4 Bf6 48. e7 Bxe7 49. Kxd4 Kf7 50. c4 h3 51. Bc6 Nc2+ 52. Kc3 Ne3 53. Kd3 Ng4 54. Ke2 h2 55. Kf1 Bd6 56. Kg2 Kf6 57. Kh1 Ne3 58. Bd5 Bc7 59. Bg8 Kg5 60. Bd5 Kf4 61. Kxh2 Ke5 62. Kg3 Kd4+ 63. Kf3 Kd3 64. Be4+ Kd2 65. Bd5 Kd3 66. Be4+ Kd4 67. Bd5 Nf5 68. Ke2 Nh4 69. Kf2 Bf4 70. Ke2 Be3 71. Ke1 Kd3 72. Kf1 Bd4 73. Ke1 Nf5 74. Kf1 Kd2 75. Kg2 Ke3 76. Kf1 Nh4 77. Ke1 Ng6 78. Kf1 Nf4 79. Kg1 Ke2+ 1/2-1/2

[Event "FRA-chT U20 0304"]
[Site "France"]
[Date "2003.11.23"]
[Round "2"]
[White "Hoffer, Tristan"]
[Black "Bodinier, Guillaume"]
[Result "1-0"]
[WhiteElo "1710"]
[BlackElo "1240"]
[PlyCount "67"]
[EventDate "2003.11.??"]
[EventType "team"]
[EventRounds "11"]
[EventCountry "FRA"]
[SourceTitle "EXT 2005"]
[Source "ChessBase"]
[SourceDate "2004.11.15"]
[SourceVersion "1"]
[SourceVersionDate "2004.11.15"]
[SourceQuality "1"]
[WhiteTeam "Vandoeuvre"]
[BlackTeam "Bischwiller"]
[WhiteTeamCountry "FRA"]
[BlackTeamCountry "FRA"]

1. e4 e5 2. Nf3 Nc6 3. Bc4 Bc5 4. c3 Nf6 5. d4 exd4 6. cxd4 Bb4+ 7. Nc3 Nxe4 8. 0-0 0-0 9. Bxf7+ Rxf7 10. Nxe4 d5 11. Neg5 Rf6 12. Ne5 Qd6 13. Nxc6 bxc6 14. a3 Ba5 15. b4 Bb6 16. Be3 Rh6 17. h3 Qg6 18. Kh1 Rh4 19. Nf3 Rh5 20. Ne5 Qe8 21. Qf3 Bf5 22. Kg1 Be4 23. Qg3 Rd8 24. Rad1 c5 25. Ng4 cxd4 26. Nf6+ Kf7 27. Nxe8 Rxe8 28. Bxd4 Bxd4 29. Rxd4 Ree5 30. f3 Reg5 31. fxe4+ Kg6 32. Qd3 dxe4 33. Qa6+ c6 34. Qxc6# 1-0

[Event "FRA-chT U20 0304"]
[Site "France"]
[Date "2003.11.22"]
[Round "1"]
[White "Hoffer, Tristan"]
[Black "Saatdjian, Thomas"]
[Result "0-1"]
[WhiteElo "1710"]
[BlackElo "2048"]
[PlyCount "92"]
[EventDate "2003.11.??"]
[EventType "team"]
[EventRounds "11"]
[EventCountry "FRA"]
[SourceTitle "EXT 2005"]
[Source "ChessBase"]
[SourceDate "2004.11.15"]
[SourceVersion "1"]
[SourceVersionDate "2004.11.15"]
[SourceQuality "1"]
[WhiteTeam "Vandoeuvre"]
[BlackTeam "Nancy"]
[WhiteTeamCountry "FRA"]
[BlackTeamCountry "FRA"]

1. e4 e6 2. Nf3 d5 3. e5 c5 4. b4 b6 5. bxc5 bxc5 6. Ba3 Qa5 7. c3 Nc6 8. Be2 Be7 9. 0-0 Rb8 10. Qc1 Ba6 11. Bxa6 Qxa6 12. d4 cxd4 13. Bxe7 Ngxe7 14. cxd4 0-0 15. Nc3 Rfc8 16. Qd2 Nf5 17. Rfc1 Qa3 18. Rab1 a6 19. g4 Nfe7 20. Kg2 h6 21. Rxb8 Rxb8 22. Rb1 Rxb1 23. Nxb1 Qa4 24. Nc3 Qc4 25. Qe3 Nc8 26. Qd2 N8a7 27. h3 Nb5 28. Ne2 a5 29. Qb2 a4 30. Kf1 a3 31. Qd2 Nb4 32. g5 hxg5 33. Qxg5 Nc7 34. Qd2 Kf8 35. Kg2 Ke8 36. Kg3 g6 37. h4 Nb5 38. Nc1 Qc3 39. Qd1 Qc2 40. Qe1 Nxa2 41. Nxa2 Qxa2 42. Qb4 Qc4 43. Qa5 a2 44. Qa8+ Kd7 45. Qb7+ Nc7 46. Qb2 Qa4 0-1

[Event "FRA-chT U20 0203"]
[Site "Clichy"]
[Date "2003.05.02"]
[Round "8.6"]
[White "Verger, Paul"]
[Black "Hoffer, Tristan"]
[Result "0-1"]
[WhiteElo "1550"]
[BlackElo "1510"]
[PlyCount "88"]
[EventDate "2002.12.??"]
[EventType "team"]
[EventRounds "11"]
[EventCountry "FRA"]
[SourceTitle "EXT 2004"]
[Source "ChessBase"]
[SourceDate "2003.11.25"]
[SourceVersion "1"]
[SourceVersionDate "2003.11.25"]
[SourceQuality "1"]
[WhiteTeam "AECE"]
[BlackTeam "Vandoeuvre"]
[WhiteTeamCountry "FRA"]
[BlackTeamCountry "FRA"]

1. e4 e5 2. Nf3 Nc6 3. Bc4 Bc5 4. Nc3 d6 5. d3 Nf6 6. Bg5 h6 7. Be3 Bb6 8. 0-0 Bg4 9. Bb5 Qd7 10. Nd5 0-0-0 11. Bxb6 axb6 12. Ne3 h5 13. a4 Qe7 14. Bxc6 bxc6 15. h3 Bd7 16. a5 Kb7 17. Qb1 Ra8 18. axb6 Rxa1 19. Qxa1 Ra8 20. Qe1 cxb6 21. Qc3 Ne8 22. Nd2 Nc7 23. Ndc4 Nb5 24. Qd2 Qg5 25. Kh2 Qf6 26. Qe2 g6 27. c3 Ra2 28. Qc2 Kc7 29. Qb3 Ra6 30. Qc2 g5 31. Qe2 g4 32. hxg4 hxg4 33. Rh1 Ra2 34. Kg1 Nxc3 35. Qd2 Ra1+ 36. Nf1 Nb5 37. Qe3 Nd4 38. Rh6 Ne2+ 39. Kh2 Qf4+ 40. Qxf4 Nxf4 41. Nfe3 Nxd3 42. Nxd6 Nxf2 43. Nxf7 Nxe4 44. Nxe5 g3# 0-1

[Event "FRA-chT U20 0203"]
[Site "Clichy"]
[Date "2003.01.05"]
[Round "7.5"]
[White "Agrech, Laure"]
[Black "Hoffer, Tristan"]
[Result "1-0"]
[WhiteElo "1460"]
[BlackElo "1530"]
[PlyCount "105"]
[EventDate "2002.12.??"]
[EventType "team"]
[EventRounds "11"]
[EventCountry "FRA"]
[SourceTitle "EXT 2004"]
[Source "ChessBase"]
[SourceDate "2003.11.25"]
[SourceVersion "1"]
[SourceVersionDate "2003.11.25"]
[SourceQuality "1"]
[WhiteTeam "Neuilly"]
[BlackTeam "Vandoeuvre"]
[WhiteTeamCountry "FRA"]
[BlackTeamCountry "FRA"]

1. e4 e5 2. Nc3 Nc6 3. Bc4 Bc5 4. Nf3 Nf6 5. d3 d6 6. 0-0 Bg4 7. h3 Bh5 8. Be3 Bb6 9. g4 Nxg4 10. hxg4 Bxg4 11. Kg2 Nd4 12. Bxd4 Bxd4 13. Ne2 Qd7 14. Rh1 h5 15. Nfxd4 exd4 16. f3 Be6 17. Bxe6 fxe6 18. Nxd4 0-0-0 19. f4 e5 20. fxe5 dxe5 21. Nf5 g6 22. Nh4 Rdg8 23. Qf3 Qa4 24. b3 Qc6 25. c4 Qd6 26. Rad1 Qa3 27. Rd2 Qb4 28. Rc2 Qa5 29. Qh3+ Kb8 30. Qe6 Re8 31. Qf6 Reg8 32. Nf3 Re8 33. Kf2 Rhg8 34. Ke2 a6 35. Rg1 Qb6 36. Qxb6 cxb6 37. Rg5 Re6 38. Nxe5 Kc7 39. Nf3 Rf6 40. Ke3 Rgf8 41. Ne5 Rg8 42. Rcg2 h4 43. Rxg6 Rfxg6 44. Rxg6 Rh8 45. Rg2 h3 46. Rh2 Rh5 47. Kf4 Kd6 48. Nf3 Kc5 49. Ng5 Rh8 50. Nxh3 Kd4 51. Kg3 Kxd3 52. Nf2+ Kd4 53. Rxh8 1-0

[Event "FRA-chT U20 0203"]
[Site "Clichy"]
[Date "2002.12.01"]
[Round "3.6"]
[White "Hoffer, Tristan"]
[Black "Viville, Simon"]
[Result "0-1"]
[WhiteElo "1530"]
[BlackElo "1500"]
[PlyCount "122"]
[EventDate "2002.12.??"]
[EventType "team"]
[EventRounds "11"]
[EventCountry "FRA"]
[SourceTitle "EXT 2004"]
[Source "ChessBase"]
[SourceDate "2003.11.25"]
[SourceVersion "1"]
[SourceVersionDate "2003.11.25"]
[SourceQuality "1"]
[WhiteTeam "Vandoeuvre"]
[BlackTeam "Bischwiller"]
[WhiteTeamCountry "FRA"]
[BlackTeamCountry "FRA"]

1. e4 e5 2. Nf3 Nc6 3. Bc4 Nf6 4. d3 Bc5 5. Nc3 d6 6. Bg5 Bg4 7. h3 Bh5 8. g4 Bg6 9. Nd5 h6 10. Bxf6 gxf6 11. Qd2 Nd4 12. Nxd4 Bxd4 13. 0-0-0 c6 14. Nc3 Qc7 15. f3 0-0-0 16. Bb3 Qb6 17. Rde1 Kb8 18. Kb1 Rd7 19. Na4 Qb5 20. c3 Bb6 21. Nxb6 Qxb6 22. Rd1 d5 23. Qe2 Rhd8 24. Rhf1 Qc7 25. Qe3 h5 26. Ka1 hxg4 27. hxg4 d4 28. cxd4 Rxd4 29. Rd2 Qd6 30. Rfd1 Qc5 31. f4 exf4 32. Qxf4+ Qe5 33. Qxe5+ fxe5 34. Bc2 Bxe4 35. a3 Bf3 36. Re1 e4 37. Re3 Bxg4 38. b3 f5 39. Kb2 f4 40. Re1 f3 41. Kc3 Bf5 42. Re3 exd3 43. Bxd3 Bxd3 44. Rexd3 Rxd3+ 45. Rxd3 Rxd3+ 46. Kxd3 f2 47. Ke2 f1Q+ 48. Kxf1 Kc7 49. Ke2 Kb6 50. Kd3 Kc5 51. Kc3 b6 52. b4+ Kb5 53. Kb3 a5 54. a4+ Ka6 55. bxa5 Kxa5 56. Ka3 c5 57. Kb3 c4+ 58. Kxc4 Kxa4 59. Kc3 b5 60. Kc2 Ka3 61. Kc3 b4+ 0-1

[Event "FRA-chT U20 0203"]
[Site "Clichy"]
[Date "2002.11.30"]
[Round "1.6"]
[White "Hoffer, Tristan"]
[Black "Suire, Benjamin"]
[Result "0-1"]
[WhiteElo "1530"]
[BlackElo "1550"]
[PlyCount "105"]
[EventDate "2002.12.??"]
[EventType "team"]
[EventRounds "11"]
[EventCountry "FRA"]
[SourceTitle "EXT 2004"]
[Source "ChessBase"]
[SourceDate "2003.11.25"]
[SourceVersion "1"]
[SourceVersionDate "2003.11.25"]
[SourceQuality "1"]
[WhiteTeam "Vandoeuvre"]
[BlackTeam "Mulhouse"]
[WhiteTeamCountry "FRA"]
[BlackTeamCountry "FRA"]

1. e4 e6 2. d4 d5 3. exd5 exd5 4. Bd3 Nc6 5. Nf3 Bg4 6. c3 Nf6 7. 0-0 Be7 8. Bf4 0-0 9. Nbd2 Bd6 10. Bg5 h6 11. Bh4 Bf4 12. Nb3 Bd6 13. Nc5 Bxc5 14. dxc5 Ne5 15. Be2 Bxf3 16. Bxf3 c6 17. Bg3 Ned7 18. Qb3 Nxc5 19. Qb4 b6 20. Rfd1 Nh7 21. Bh4 Qd6 22. c4 d4 23. Bg3 Qf6 24. Qd2 Rad8 25. Re1 Ng5 26. Qd1 Nxf3+ 27. gxf3 Qg6 28. b3 h5 29. Kh1 Ne6 30. Rg1 Qf6 31. Qd3 h4 32. Rae1 hxg3 33. Rxg3 Nf4 34. Qd2 g6 35. Re4 Nh5 36. Rh3 Qh8 37. Reh4 Rd6 38. Qg5 Qg7 39. Rg4 d3 40. Qd2 Nf6 41. Rgh4 Nh5 42. Rg4 Re8 43. Re4 Rxe4 44. fxe4 Qa1+ 45. Kg2 Qe5 46. Kh1 Qxe4+ 47. f3 Qe2 48. Qxe2 dxe2 49. Rg3 e1Q+ 50. Rg1 Qe3 51. Kg2 Rd2+ 52. Kh3 Qxf3+ 53. Kh4 0-1